[Event "ITA-ch U20"]
[Site "Tarvisio"]
[Date "2023.07.03"]
[Round "2"]
[White "Cambria, Chiara"]
[Black "Spada, Vittoria"]
[Result "1-0"]
[WhiteElo "1504"]
[BlackElo "1685"]
[PlyCount "71"]
[EventDate "2023.07.02"]
[EventType "swiss"]
[EventRounds "9"]
[EventCountry "ITA"]
[SourceTitle "EXT 2024"]
[Source "ChessBase"]
[SourceDate "2023.10.10"]
[SourceVersion "1"]
[SourceVersionDate "2023.10.10"]
[SourceQuality "1"]

1. e4 c6 2. d4 d5 3. Nc3 dxe4 4. Nxe4 Bf5 5. Nc3 Nf6 6. Nf3 Nbd7 7. Bd3 Bg6 8. 0-0 e6 9. Re1 Be7 10. Qe2 Bxd3 11. Qxd3 0-0 12. Bg5 Re8 13. a3 a5 14. Rad1 a4 15. Ne5 Nxe5 16. dxe5 Nd5 17. Bxe7 Qxe7 18. Ne4 Red8 19. Qg3 b5 20. h4 h6 21. h5 Kh8 22. Rd3 b4 23. Nd6 Rf8 24. Rf3 c5 25. Re4 f5 26. Rc4 Ra5 27. Qg6 Nb6 28. Rg4 fxg4 29. Rxf8+ Qxf8 30. Nf7+ Kg8 31. Nxh6+ Kh8 32. Nf7+ Kg8 33. Ng5 Qf5 34. Qe8+ Qf8 35. Qxe6+ Kh8 36. Qg6 1-0